Sports Quiz

Random Sports or Basketball Quiz

Number 1 High School Basketball Prospects Quiz Stats

 Plays Quiz not verified by Sporcle

Challenge
Share
Tweet
Embed
Score 0/44 Timer 10:00
0 Plays Today
Hint Answer % Correct
2003LeBron James
82.5%
2011Anthony Davis
62.7%
2004Dwight Howard
54%
1996Kobe Bryant
48.4%
2013Jahlil Okafor
44.4%
2012Nerlens Noel
42.1%
1995Kevin Garnett
41.3%
2006Greg Oden
40.5%
2010Harrison Barnes
38.9%
1991Chris Webber
29.4%
1983Reggie Williams
28.6%
2001Eddie Curry
26.2%
1981Patrick Ewing
26.2%
1979Ralph Sampson
25.4%
1997Tracy McGrady
23.8%
1980Earl Jones
22.2%
1992Jason Kidd
21.4%
2005Gerald Green
20.6%
2002Amar'e Stoudemire
20.6%
1984Danny Manning
18.3%
2007Michael Beasley
17.5%
1989Kenny Anderson
17.5%
Hint Answer % Correct
1974Moses Malone
17.5%
2008Tyreke Evans
16.7%
1993Jerry Stackhouse
16.7%
1988Alonzo Mourning
15.9%
2009Derrick Favors
15.1%
1975Darryl Dawkins
13.5%
2000Zach Randolph
11.9%
1994Felipe Lopez
11.9%
1998Al Harrington
11.1%
1982Brad Daugherty
11.1%
1977Albert King
9.5%
1978Mark Aguirre
8.7%
1990Ed O'Bannon
7.1%
1985Danny Ferry
7.1%
1976Darrell Griffith
7.1%
1973Adrian Dantley
5.6%
1972Quinn Buckner
4.8%
1971Maurice Lucas
4.8%
1999Donnell Harvey
3.2%
1987Marcus Liberty
3.2%
1986J. R. Reid
3.2%
1970Tom McMillen
0%

You're not logged in!

Compare scores with friends on all Sporcle quizzes.
Join for Free
OR
Log In

You Might Also Like...

Show Comments

Extras

Top Quizzes Today


Score Distribution

Your Account Isn't Verified!

In order to create a playlist on Sporcle, you need to verify the email address you used during registration. Go to your Sporcle Settings to finish the process.

Report this User

Report this user for behavior that violates our Community Guidelines.

Details: